<?xml version="1.0" encoding="UTF-8"?>
<record
    xmlns:xsi="http://www.w3.org/2001/XMLSchema-instance"
    xsi:schemaLocation="http://www.loc.gov/MARC21/slim http://www.loc.gov/standards/marcxml/schema/MARC21slim.xsd"
    xmlns="http://www.loc.gov/MARC21/slim">

  <leader>03274cam a2200349 a 4500</leader>
  <controlfield tag="003">EG-GiCUC</controlfield>
  <controlfield tag="005">20250223032746.0</controlfield>
  <controlfield tag="008">210606s2020    ua dh  f m    000 0 eng d</controlfield>
  <datafield tag="040" ind1=" " ind2=" ">
    <subfield code="a">EG-GiCUC</subfield>
    <subfield code="b">eng</subfield>
    <subfield code="c">EG-GiCUC</subfield>
  </datafield>
  <datafield tag="041" ind1="0" ind2=" ">
    <subfield code="a">eng</subfield>
  </datafield>
  <datafield tag="049" ind1=" " ind2=" ">
    <subfield code="a">Deposite </subfield>
  </datafield>
  <datafield tag="097" ind1=" " ind2=" ">
    <subfield code="a">Ph.D</subfield>
  </datafield>
  <datafield tag="099" ind1=" " ind2=" ">
    <subfield code="a">Cai01.11.27.Ph.D.2020.No.P</subfield>
  </datafield>
  <datafield tag="100" ind1="0" ind2=" ">
    <subfield code="a">Nora Fawzy Mohamed Fnon</subfield>
  </datafield>
  <datafield tag="245" ind1="1" ind2="0">
    <subfield code="a">Postmortem histopathological study of causes of sudden natural death in childhood / </subfield>
    <subfield code="c">Nora Fawzy Mohamed Fnon ; Supervised Nour Elhoda Sayed Ismael , Samer Abdelmonem Elsheikh , Hanan Hosney Hassan</subfield>
  </datafield>
  <datafield tag="246" ind1="1" ind2="5">
    <subfield code="a">&#x62F;&#x631;&#x627;&#x633;&#x629; &#x647;&#x633;&#x62A;&#x648;&#x628;&#x627;&#x62B;&#x648;&#x644;&#x648;&#x62C;&#x64A;&#x629; &#x628;&#x639;&#x62F; &#x627;&#x644;&#x648;&#x641;&#x627;&#x629; &#x644;&#x623;&#x633;&#x628;&#x627;&#x628; &#x627;&#x644;&#x648;&#x641;&#x627;&#x629; &#x627;&#x644;&#x641;&#x62C;&#x627;&#x626;&#x64A;&#x629; &#x627;&#x644;&#x637;&#x628;&#x64A;&#x639;&#x64A;&#x629; &#x641;&#x649; &#x627;&#x644;&#x637;&#x641;&#x648;&#x644;&#x629; </subfield>
  </datafield>
  <datafield tag="260" ind1=" " ind2=" ">
    <subfield code="a">Cairo : </subfield>
    <subfield code="b">Nour ElhodaSayed Ismael , </subfield>
    <subfield code="c">2020</subfield>
  </datafield>
  <datafield tag="300" ind1=" " ind2=" ">
    <subfield code="a">211 P. : </subfield>
    <subfield code="b">charts , facsimiles ; </subfield>
    <subfield code="c">25cm </subfield>
  </datafield>
  <datafield tag="502" ind1=" " ind2=" ">
    <subfield code="a">Thesis (Ph.D.) - Cairo University - Faculty of Medicine - Department of Pathology</subfield>
  </datafield>
  <datafield tag="520" ind1=" " ind2=" ">
    <subfield code="a">Background:Sudden death in apparently healthy children is always tragic.Grief is compounded when the cause of death cannot be detected.Many studies focused on sudden death in adultsbut sudden death in childhood merited little attention in literature with few studies in general population.Through detailed autopsy and ancillary examination, forensic pathologists can have a positive impact on lives of living relatives and provide benefit to society on the whole.To our knowledge, the present study is the first report about sudden natural death in childhood in Egypt. Aim of work:High-lightening diseases that cause sudden natural deaths in childhood, with a focus on their pathological features and their epidemiological characteristics in Egypt.The data delivered through this work will be thoroughly considered with the prospect of ensuring that lessons are learned, common themes identified and actions will be taken to contribute in preventing children{u2019}s deaths. Methods:A retrospective study was conducted at pathology unit at Forensic Medicine Authority- Ministry of Justice{u2013} Cairo, from the beginning of January 2011 till the end of December including all children (aged 0-18 years) who died suddenly and unexpectedly due to natural cause.These cases were subjected to thorough investigations withstudying of pathologicalfindingsat their sent organs. Traumatic and toxic deaths were excluded. Results: Two hundred and forty-five (245) cases of sudden natural deaths were identified (65.2%) among 376 total admitted sudden deaths.Themajorities of deathswere of the youngest age groups with slight higher mortality in boys compared to girls (ratio 1.4:1).The cause of death could be explained in 204 cases (82.3%).the most detected cause was prematurity (in 65 cases, 26.5 %) followed by infection (in 58 cases, 23.9%) while 41 cases (17.7%) remained unexplained</subfield>
  </datafield>
  <datafield tag="530" ind1=" " ind2=" ">
    <subfield code="a">Issued also as CD</subfield>
  </datafield>
  <datafield tag="653" ind1=" " ind2="4">
    <subfield code="a">Childhood mortality </subfield>
  </datafield>
  <datafield tag="653" ind1=" " ind2="4">
    <subfield code="a">Natural death</subfield>
  </datafield>
  <datafield tag="653" ind1=" " ind2="4">
    <subfield code="a">Sudden infant death syndrome </subfield>
  </datafield>
  <datafield tag="700" ind1="0" ind2=" ">
    <subfield code="a">Hanan Hosney Hassan , </subfield>
    <subfield code="e">Supervisor</subfield>
  </datafield>
  <datafield tag="700" ind1="0" ind2=" ">
    <subfield code="a">Nour Elhoda Sayed Ismael , </subfield>
    <subfield code="e">Supervisor</subfield>
  </datafield>
  <datafield tag="700" ind1="0" ind2=" ">
    <subfield code="a">Samer Abdelmonem Elsheikh , </subfield>
    <subfield code="e">Supervisor</subfield>
  </datafield>
  <datafield tag="856" ind1=" " ind2=" ">
    <subfield code="u">http://172.23.153.220/th.pdf</subfield>
  </datafield>
  <datafield tag="905" ind1=" " ind2=" ">
    <subfield code="a">Nazla</subfield>
    <subfield code="e">Revisor</subfield>
  </datafield>
  <datafield tag="905" ind1=" " ind2=" ">
    <subfield code="a">Shimaa</subfield>
    <subfield code="e">Cataloger</subfield>
  </datafield>
  <datafield tag="942" ind1=" " ind2=" ">
    <subfield code="2">ddc</subfield>
    <subfield code="c">TH</subfield>
  </datafield>
  <datafield tag="999" ind1=" " ind2=" ">
    <subfield code="c">81197</subfield>
    <subfield code="d">81197</subfield>
  </datafield>
  <datafield tag="952" ind1=" " ind2=" ">
    <subfield code="2">ddc</subfield>
    <subfield code="7">0</subfield>
    <subfield code="a">CUCL</subfield>
    <subfield code="b">cl210</subfield>
    <subfield code="d">2024-02-11</subfield>
    <subfield code="o">Cai01.11.27.Ph.D.2020.No.P</subfield>
    <subfield code="p">01010110083604000</subfield>
    <subfield code="r">2023-09-22 00:00:00</subfield>
    <subfield code="y">TH</subfield>
  </datafield>
  <datafield tag="952" ind1=" " ind2=" ">
    <subfield code="2">ddc</subfield>
    <subfield code="7">0</subfield>
    <subfield code="a">CUCL</subfield>
    <subfield code="b">cl2u8</subfield>
    <subfield code="d">2024-02-11</subfield>
    <subfield code="o">Cai01.11.27.Ph.D.2020.No.P</subfield>
    <subfield code="p">01020110083604000</subfield>
    <subfield code="r">2023-09-22 00:00:00</subfield>
    <subfield code="t">83604.CD     </subfield>
    <subfield code="y">CD</subfield>
  </datafield>
</record>
